000 00424nam a2200157Ia 4500
005 20250703154710.0
008 240331s9999 xx 000 0 und d
020 _a9555734410
082 _bDHA
_a934
245 0 _aPacific kodew ha adiwasin
260 _aNugegoda
_bUniversity Publishers
_c2006
300 _a128 p.,
500 _aA book of Pacific Islands & Indigenous People
700 _aDhanapala,A.H
_ecom
942 _cL
999 _c5305
_d5305